[Event "Golden Jubilee Club Championship"]
[Site "Box Hill"]
[Date "2002.04.30"]
[Round "4.59"]
[White "O'Connor, Phil"]
[Black "Elbrish, Sam"]
[Result "1-0"]
[WhiteElo "1521"]
[BlackElo "1396"]
[Annotator "jp"]
[PlyCount "125"]
[EventDate "2002.04.12"]

1. d4 d5 2. c4 c6 3. g3 e6 4. Bg2 g6 5. Nf3 Bg7 6. O-O Nf6 7. Qc2 Nbd7 8. Rd1
O-O 9. b3 Ne4 10. Nc3 f5 11. Bf4 g5 12. Nxe4 gxf4 13. Nd6 fxg3 14. hxg3 Nf6 15.
Nxc8 Rxc8 16. Ne5 Ne4 17. Bh3 Rc7 18. Kg2 Bxe5 19. dxe5 Qg5 20. Qc1 Rg7 21.
Qxg5 Rxg5 22. e3 Kf7 23. Kf3 Rfg8 24. Rg1 dxc4 25. b4 Rd8 26. Rad1 Rxd1 27.
Rxd1 Ke7 28. Bf1 b5 29. a4 Nc3 30. Rd6 Rg8 31. Rxc6 Nxa4 32. Rc7+ Kd8 33. Rxa7
Rg4 34. Ke2 c3 35. f4 Rxg3 36. Rxh7 c2 37. Kd2 c1=Q+ 38. Kxc1 Rg1 39. Rh8+ Kc7
40. Rh7+ Kc6 41. Re7 Rxf1+ 42. Kc2 Kd5 43. Kd3 Rh1 44. Rd7+ Kc6 45. Rd6+ Kc7
46. Rxe6 Nb2+ 47. Kd4 Rd1+ 48. Kc5 Nc4 49. Kxb5 Nxe3 50. Re7+ Kd8 51. Rf7 Rd4
52. Kc5 Rxf4 53. b5 Rc4+ 54. Kd6 Rd4+ 55. Kc6 Re4 56. b6 Rxe5 57. b7 Re6+ 58.
Kc5 Re5+ 59. Kc6 Re6+ 60. Kb5 Re5+ 61. Ka6 Re6+ 62. Ka7 Ke8 63. Rh7 1-0

[Event "Golden Jubilee Club Championship"]
[Site "Box Hill"]
[Date "2002.05.10"]
[Round "5.2"]
[White "Woodhams, Michael V"]
[Black "Wastney, Scott"]
[Result "1/2-1/2"]
[WhiteElo "2083"]
[BlackElo "2248"]
[Annotator "jd"]
[PlyCount "107"]
[EventDate "2002.04.12"]

1. e4 c5 2. d4 cxd4 3. c3 Nf6 4. e5 Nd5 5. Qxd4 e6 6. Nf3 Nc6 7. Qe4 f5 8. Qe2
Qc7 9. g3 Nde7 10. Na3 Ng6 11. Nb5 Qb8 12. Bg2 a6 13. Nd6+ Bxd6 14. exd6 Qxd6
15. Be3 Nce5 16. Nd4 O-O 17. Rd1 Qc7 18. f4 Ng4 19. Bc1 Rb8 20. h3 Nf6 21. O-O
b5 22. g4 fxg4 23. hxg4 Qc4 24. f5 Qxe2 25. Nxe2 exf5 26. gxf5 Ne5 27. Bf4 Re8
28. Nd4 Bb7 29. Rfe1 d6 30. Ne6 Bxg2 31. Kxg2 Rb6 32. Bxe5 dxe5 33. Rxe5 g6 34.
Ree1 gxf5 35. Nd4 Rxe1 36. Rxe1 b4 37. Kf3 bxc3 38. bxc3 Ne4 39. Re3 Rf6 40.
Kf4 Nd6 41. Re7 Nb5 42. Nxb5 axb5 43. Rb7 Rc6 44. Rxb5 Rxc3 45. Kxf5 Ra3 46.
Kf6 Ra6+ 47. Ke7 Rxa2 48. Rg5+ Kh8 49. Kf6 Rf2+ 50. Rf5 Rg2 51. Rg5 Rf2+ 52.
Rf5 Rg2 53. Rg5 Rh2 54. Ra5 1/2-1/2

[Event "Golden Jubilee Club Championship"]
[Site "Box Hill"]
[Date "2002.05.14"]
[Round "5.3"]
[White "Jager, Jesse"]
[Black "Johansen, Darryl K"]
[Result "0-1"]
[WhiteElo "1531"]
[BlackElo "2515"]
[Annotator "jp"]
[PlyCount "72"]
[EventDate "2002.04.12"]

1. Nf3 c5 2. c4 Nf6 3. Nc3 e6 4. g3 d5 5. d4 cxd4 6. Nxd4 e5 7. Qa4+ Bd7 8.
Ndb5 d4 9. Bg2 a6 10. Bxb7 Ra7 11. Ne4 Bxb5 12. cxb5 Rxb7 13. bxa6+ Qd7 14.
Nxf6+ gxf6 15. Qc4 Rc7 16. Qd3 Qc6 17. O-O Nxa6 18. e3 Nb4 19. Qf5 Qe6 20. Qf3
e4 21. Qh5 d3 22. Bd2 Nc2 23. Rac1 Rc5 24. Qh4 Be7 25. Qf4 O-O 26. f3 exf3 27.
Rxf3 Rc4 28. Qh6 Rg4 29. Rcf1 Rg6 30. Qf4 Qxa2 31. Qe4 Qe6 32. Qxd3 Nb4 33. Qb5
Nc6 34. Bc3 Ne5 35. Bxe5 Qxe5 36. Qxe5 fxe5 0-1

[Event "Golden Jubilee Club Championship"]
[Site "Box Hill"]
[Date "2002.05.10"]
[Round "5.5"]
[White "Kempen, Leon"]
[Black "Chowdhury, Mahmud"]
[Result "0-1"]
[WhiteElo "1995"]
[BlackElo "1694"]
[Annotator "jd"]
[PlyCount "102"]
[EventDate "2002.04.12"]

1. d4 d5 2. c4 e6 3. Nf3 Nf6 4. Nc3 Be7 5. Bf4 c5 6. dxc5 dxc4 7. Qxd8+ Bxd8 8.
Bd6 Ba5 9. Nd2 Na6 10. a3 Bd7 11. Rc1 Nd5 12. e4 Nxc3 13. bxc3 Rc8 14. Nxc4 Bd8
15. Rb1 Nxc5 16. Bxc5 Rxc5 17. Rxb7 Rc7 18. Nd6+ Ke7 19. Rxc7 Bxc7 20. Nb5 Ba5
21. Kd1 a6 22. Nd4 Bxc3 23. Nc2 Rd8 24. Kc1 Ba4 25. Bxa6 Rd6 26. Bc4 Rd2 27.
Ne3 Rxf2 28. Nd1 Rc2+ 29. Kb1 Be5 30. Bb5 Bb3 31. Rf1 Rxg2 32. Ne3 Rb2+ 33. Kc1
Rxh2 34. a4 Ra2 35. Rf3 Bxa4 36. Bc4 Rh2 37. Kb1 Rb2+ 38. Kc1 h5 39. Bf1 g5 40.
Nc4 Rc2+ 41. Kb1 Bf4 42. Nb6 Rc1+ 43. Kb2 Bd1 44. Rd3 Ba4 45. Bh3 Be8 46. Ra3
Rc7 47. Rb3 Be5+ 48. Ka2 g4 49. Bf1 Rc1 50. Rb1 Rxb1 51. Kxb1 Bc6 0-1

[Event "Golden Jubilee Club Championship"]
[Site "Box Hill"]
[Date "2002.05.10"]
[Round "5.6"]
[White "Lawson, Shane"]
[Black "Dizdarevic, Mehmedalija"]
[Result "0-1"]
[WhiteElo "1611"]
[BlackElo "1927"]
[Annotator "jd"]
[PlyCount "77"]
[EventDate "2002.04.12"]

1. e4 g6 2. d4 d6 3. Nc3 Bg7 4. Be3 c6 5. Qd2 Qa5 6. Bd3 Nf6 7. Bh6 O-O 8. f3
b5 9. Bxg7 Kxg7 10. Nge2 Nbd7 11. g4 e5 12. h4 b4 13. Nd1 exd4 14. Nxd4 Ne5 15.
Be2 c5 16. Nb3 Qc7 17. h5 Be6 18. hxg6 fxg6 19. Qh6+ Kg8 20. Ne3 Qg7 21. Qh4 a5
22. f4 Nf7 23. Nf5 Bxf5 24. gxf5 Rfe8 25. fxg6 hxg6 26. e5 dxe5 27. O-O-O exf4
28. Bc4 Re5 29. Rd6 Rh5 30. Qe1 Re8 31. Qd1 Rxh1 32. Qxh1 Kf8 33. Ra6 Ne5 34.
Bb5 Rd8 35. Qh4 g5 36. Qf2 Ne4 37. Qe1 Nd6 38. Nxc5 Qe7 39. Bf1 {Time} 0-1

[Event "Golden Jubilee Club Championship"]
[Site "Box Hill"]
[Date "2002.05.10"]
[Round "5.7"]
[White "Raine, Marcus"]
[Black "Nemeth, Janos"]
[Result "0-1"]
[WhiteElo "1927"]
[BlackElo "1918"]
[Annotator "sf"]
[PlyCount "68"]
[EventDate "2002.04.12"]

1. e4 c5 2. Nf3 d6 3. Bb5+ Bd7 4. a4 Nf6 5. e5 dxe5 6. Nxe5 Qc7 7. Nxd7 Nbxd7
8. O-O e6 9. Re1 Bd6 10. h3 O-O 11. b3 Bh2+ 12. Kh1 Be5 13. Nc3 a6 14. Bxd7
Nxd7 15. Qf3 Rad8 16. Bb2 Bf6 17. d3 Qa5 18. d4 Bxd4 19. Re2 Nf6 20. Nd1 Bxb2
21. Nxb2 b5 22. Rae1 Rd2 23. axb5 axb5 24. Nd3 Rxe2 25. Rxe2 Qc7 26. Re5 Nd7
27. Rh5 f5 28. Qe3 Qd6 29. c4 bxc4 30. bxc4 Ra8 31. Nf4 Nf6 32. Rh4 Ra1+ 33.
Kh2 g5 34. Qg3 Ne4 0-1

[Event "Golden Jubilee Club Championship"]
[Site "Box Hill"]
[Date "2002.05.10"]
[Round "5.8"]
[White "Lee, Michelle"]
[Black "Low, Samuel"]
[Result "1-0"]
[WhiteElo "1671"]
[BlackElo "2025"]
[Annotator "sf"]
[PlyCount "81"]
[EventDate "2002.04.12"]

1. e4 c5 2. Nc3 Nc6 3. g3 g6 4. Bg2 Bg7 5. d3 e6 6. Be3 d6 7. Qd2 Rb8 8. f4
Nge7 9. Nge2 Nd4 10. Bxd4 cxd4 11. Nd1 O-O 12. O-O e5 13. f5 gxf5 14. exf5 Nxf5
15. Be4 Bh6 16. Qb4 Ne3 17. Nxe3 Bxe3+ 18. Kg2 Bg4 19. Ng1 Qd7 20. Rf6 Be6 21.
Raf1 Bg5 22. R6f2 f5 23. Bf3 Be3 24. Re2 Rf7 25. c3 Rbf8 26. Nh3 f4 27. Ng5
fxg3 28. Nxe6 Qxe6 29. hxg3 Rxf3 30. Rxf3 Qd5 31. Qb3 Qxb3 32. Rxf8+ Kxf8 33.
axb3 Ke7 34. Kf3 Ke6 35. cxd4 Bxd4 36. Rh2 b5 37. Rxh7 Bxb2 38. Rxa7 Kd5 39.
Rb7 Kc5 40. g4 Kc6 41. Rb8 1-0

[Event "Golden Jubilee Club Championship"]
[Site "Box Hill"]
[Date "2002.05.10"]
[Round "5.9"]
[White "Dragicevic, Domagoj"]
[Black "Dutka, Janusz"]
[Result "0-1"]
[WhiteElo "1840"]
[BlackElo "1904"]
[Annotator "jd"]
[PlyCount "67"]
[EventDate "2002.04.12"]

1. e4 c5 2. Nf3 d6 3. d4 cxd4 4. Nxd4 Nf6 5. Nc3 a6 6. Bg5 e6 7. f4 Be7 8. Qf3
Qc7 9. O-O-O Nbd7 10. g4 b5 11. Bxf6 Nxf6 12. g5 Nd7 13. Rg1 b4 14. Nce2 Bb7
15. Ng3 Rc8 16. Bd3 g6 17. Qe3 Qc5 18. Rde1 e5 19. fxe5 Nxe5 20. h4 O-O 21. Kb1
Rfe8 22. Nf3 Bf8 23. Qxc5 Rxc5 24. Nxe5 Rcxe5 25. Re2 h6 26. gxh6 Bxh6 27. h5
Rg5 28. Reg2 Ree5 29. hxg6 fxg6 30. Re2 Rg4 31. Reg2 Be3 32. Nf5 gxf5 33. Rxg4+
fxg4 34. Rxg4+ 0-1

[Event "Golden Jubilee Club Championship"]
[Site "Box Hill"]
[Date "2002.05.10"]
[Round "5.10"]
[White "Voon, Richard"]
[Black "Sharman, Scot A"]
[Result "0-1"]
[WhiteElo "1852"]
[BlackElo "1658"]
[Annotator "jd"]
[PlyCount "186"]
[EventDate "2002.04.12"]

1. e4 c5 2. Nf3 e6 3. d4 cxd4 4. Nxd4 Nc6 5. Nc3 Qc7 6. Be3 a6 7. Bd3 Nf6 8. a3
d6 9. O-O Be7 10. Kh1 Bd7 11. f4 O-O 12. Qe2 b5 13. Nb3 Rab8 14. Rae1 b4 15.
axb4 Nxb4 16. Bxa6 Nxc2 17. Qxc2 Ba4 18. Bd3 Bxb3 19. Qe2 Rfc8 20. Nb5 Qa5 21.
Ra1 Qb4 22. Bd2 Qc5 23. Rfc1 Qh5 24. e5 Qxe2 25. Bxe2 dxe5 26. fxe5 Ne4 27. Be3
Bd5 28. Bd4 g6 29. Bd3 Nd2 30. Rxc8+ Rxc8 31. Bc3 Nc4 32. Bxc4 Rxc4 33. h3 Rf4
34. Nc7 Be4 35. Re1 Bc6 36. Re2 Rf1+ 37. Kh2 Bc5 38. Ba5 Bd4 39. Kg3 Rf5 40.
Rd2 Bxe5+ 41. Kh4 Rf4+ 42. g4 Bf6+ 43. Kg3 Rf3+ 44. Kh2 Bg5 45. Rc2 Bf4+ 46.
Kg1 Be4 47. Rc3 Be3+ 48. Kh2 Rf2+ 49. Kg3 Rg2+ 50. Kh4 Bd4 51. Ne8 Bxc3 52.
Bxc3 f5 53. Nf6+ Kf7 54. Nxh7 Bd5 55. Ng5+ Ke8 56. Be5 Re2 57. Bd4 e5 58. Bc3
f4 59. Nh7 Ba8 60. Nf6+ Kf7 61. g5 f3 62. Ng4 f2 63. Nh2 Re1 64. Kg3 f1=Q 65.
Nxf1 Rxf1 66. Bxe5 Rf5 67. Bf6 Ke6 68. h4 Bf3 69. Bc3 Bh5 70. Kh3 Kd5 71. Kg3
Ke4 72. Kg2 Be2 73. Kg3 Rf3+ 74. Kg2 Bf1+ 75. Kg1 Ke3 76. h5 gxh5 77. g6 Bc4
78. g7 h4 79. b4 Rg3+ 80. Kh2 Kf3 81. Be5 Rg4 82. Kh3 Bf1+ 83. Kh2 h3 84. Bc3
Rg2+ 85. Kh1 Bc4 86. Be5 Re2 87. Bd6 Kg4 88. Kg1 Bd5 89. Bb8 Rg2+ 90. Kf1 Bc4+
91. Ke1 h2 92. Bxh2 Rxh2 93. b5 Rh7 0-1

[Event "Golden Jubilee Club Championship"]
[Site "Box Hill"]
[Date "2002.05.10"]
[Round "5.11"]
[White "Zivanovic, Rados"]
[Black "Small, David H"]
[Result "1/2-1/2"]
[WhiteElo "1615"]
[BlackElo "1994"]
[Annotator "jd"]
[PlyCount "100"]
[EventDate "2002.04.12"]

1. d4 Nf6 2. Nf3 g6 3. c4 c5 4. d5 d6 5. Nc3 Bg7 6. e4 O-O 7. Be2 e6 8. O-O Re8
9. a3 exd5 10. exd5 Na6 11. h3 Nc7 12. Bf4 Ne4 13. Nxe4 Rxe4 14. Bc1 h6 15. Bd3
Re8 16. Qc2 Qf6 17. Nd2 Bd7 18. Ne4 Qe5 19. Bd2 f5 20. Bc3 Qe7 21. Ng3 Bxc3 22.
Qxc3 Qe5 23. Qd2 Kg7 24. Rfe1 Qf6 25. b4 Na6 26. Rab1 b6 27. Ne2 Re7 28. Nf4
Rae8 29. Rxe7+ Qxe7 30. Kf1 Qe5 31. b5 Nc7 32. Re1 Qxe1+ 33. Qxe1 Rxe1+ 34.
Kxe1 Kf6 35. Kd2 Be8 36. Ke3 g5 37. Ne2 f4+ 38. Kd2 Ke5 39. Nc3 Bf7 40. Ne4 Ne8
41. Kc3 Ng7 42. Nd2 Bh5 43. a4 Ne8 44. Nb3 Nf6 45. f3 Be8 46. Bc2 Ng8 47. a5
Ne7 48. Be4 Bg6 49. Bxg6 Nxg6 50. a6 Ne7 1/2-1/2

[Event "Golden Jubilee Club Championship"]
[Site "Box Hill"]
[Date "2002.05.10"]
[Round "5.13"]
[White "Lacey, David"]
[Black "Kildisas, Victor E"]
[Result "0-1"]
[WhiteElo "1534"]
[BlackElo "1814"]
[Annotator "jd"]
[PlyCount "77"]
[EventDate "2002.04.12"]

1. e4 e5 2. Nf3 Nc6 3. d4 exd4 4. Bc4 Nf6 5. O-O Nxe4 6. Re1 d5 7. Bxd5 Qxd5 8.
Nc3 Qa5 9. Nxe4 Be6 10. Neg5 O-O-O 11. Nxe6 fxe6 12. Rxe6 Bd6 13. Bg5 Rde8 14.
Qe2 Kd7 15. Rxe8 Rxe8 16. Qd3 h6 17. Bd2 Qh5 18. g3 Qd5 19. c3 Qe4 20. Qxe4
Rxe4 21. Nxd4 Nxd4 22. cxd4 Rxd4 23. Bc3 Rg4 24. Re1 g6 25. b3 h5 26. Be5 Bxe5
27. Rxe5 Rd4 28. Re2 Rd6 29. f4 c6 30. Kf2 b6 31. Ke1 Rd5 32. Kf2 c5 33. Ke3 b5
34. h3 Kd6 35. g4 h4 36. Kf3 c4 37. bxc4 bxc4 38. g5 c3 39. Rc2 {Time} 0-1

[Event "Golden Jubilee Club Championship"]
[Site "Box Hill"]
[Date "2002.05.10"]
[Round "5.14"]
[White "Umber, George"]
[Black "Flude, David A"]
[Result "0-1"]
[WhiteElo "1550"]
[BlackElo "1746"]
[Annotator "jd"]
[PlyCount "44"]
[EventDate "2002.04.12"]

1. d4 Nf6 2. c4 c5 3. d5 e6 4. Nc3 exd5 5. cxd5 d6 6. Nf3 g6 7. h3 Bg7 8. e4
O-O 9. Bd3 a6 10. a4 Qc7 11. O-O c4 12. Bc2 Nbd7 13. Be3 Ne8 14. Qd2 Rb8 15. a5
b5 16. axb6 Rxb6 17. Na4 Rxb2 18. Nxb2 c3 19. Qd1 cxb2 20. Ra2 a5 21. Nd4 Qc5
22. Ba4 Qc7 {and black won on 41th move} 0-1

[Event "Golden Jubilee Club Championship"]
[Site "Box Hill"]
[Date "2002.05.10"]
[Round "5.15"]
[White "Lycett, Garry"]
[Black "Liston, Howard"]
[Result "1-0"]
[WhiteElo "1715"]
[BlackElo "1619"]
[Annotator "jd"]
[PlyCount "113"]
[EventDate "2002.04.12"]

1. d4 d5 2. c4 dxc4 3. Nf3 Nf6 4. e3 e6 5. Bxc4 c5 6. O-O a6 7. Bd3 b5 8. dxc5
Bxc5 9. a3 Bb7 10. Qe2 Nbd7 11. Nbd2 O-O 12. b4 Be7 13. Bb2 Rc8 14. Rac1 Nb6
15. Rfd1 Nfd5 16. Ne4 Na4 17. Rxc8 Bxc8 18. Bd4 f5 19. Qc2 fxe4 20. Bxe4 Bf6
21. Bxh7+ Kh8 22. e4 Bxd4 23. Rxd4 Qc7 24. exd5 Qxc2 25. Bxc2 exd5 26. Rxd5 Be6
27. Rh5+ Kg8 28. Bh7+ Kf7 29. Ng5+ Ke7 30. Nxe6 Kxe6 31. g3 Rf3 32. Rg5 Rxa3
33. Rxg7 Nc3 34. Ra7 Nd5 35. Bg8+ Kd6 36. Bxd5 Kxd5 37. h4 Kc4 38. h5 Kxb4 39.
h6 Rd3 40. h7 Rd8 41. Rxa6 Kc3 42. g4 b4 43. Rc6+ Kd2 44. Rd6+ Rxd6 45. h8=Q
Kc2 46. Qe5 Rd1+ 47. Kg2 b3 48. Qc5+ Kb1 49. Qf5+ Kc1 50. Qf4+ Kb1 51. Qe4+ Ka1
52. Qa4+ Kb2 53. g5 Kc3 54. g6 Rd6 55. Qa5+ Kc4 56. Qc7+ Kd5 57. Qf7+ 1-0

[Event "Golden Jubilee Club Championship"]
[Site "Box Hill"]
[Date "2002.05.10"]
[Round "5.16"]
[White "Lindberg, Gordon"]
[Black "Lugo, Ruperto"]
[Result "1-0"]
[WhiteElo "1710"]
[BlackElo "1599"]
[Annotator "sf"]
[PlyCount "79"]
[EventDate "2002.04.12"]

1. d4 Nf6 2. c4 g6 3. Nc3 Bg7 4. e4 d6 5. f4 O-O 6. Nf3 c5 7. d5 e6 8. Bd3 exd5
9. cxd5 Re8 10. O-O a6 11. a4 Qc7 12. Re1 Nbd7 13. Nd2 Rb8 14. Nc4 b5 15. axb5
axb5 16. Nxb5 Rxb5 17. Nxd6 Qxd6 18. Bxb5 Nxe4 19. Qd3 Bd4+ 20. Be3 Qxd5 21.
Bxd4 cxd4 22. Rac1 Kf8 23. Bc6 Qa5 24. Rxe4 Rxe4 25. Qxe4 Qd2 26. Rc2 Qd1+ 27.
Kf2 d3 28. Qb4+ Kg8 29. Rd2 Qb1 30. Qd4 Nf8 31. Qxd3 Qxd3 32. Rxd3 Bf5 33. Ra3
Ne6 34. Bd7 Kf8 35. Bxe6 Bxe6 36. Ra7 Bb3 37. Ke3 Ke8 38. Kd4 Kd8 39. Ke5 Ke8
40. Kd6 1-0

[Event "Golden Jubilee Club Championship"]
[Site "Box Hill"]
[Date "2002.05.10"]
[Round "5.17"]
[White "Jenkins, Keith"]
[Black "Stojic, Dusan"]
[Result "1-0"]
[WhiteElo "1694"]
[BlackElo "1587"]
[Annotator "jd"]
[PlyCount "83"]
[EventDate "2002.04.12"]

1. d4 Nf6 2. c4 c5 3. d5 e6 4. Nc3 exd5 5. cxd5 d6 6. e4 g6 7. f4 Bg7 8. Bb5+
Nfd7 9. Nf3 a6 10. Be2 b5 11. O-O O-O 12. Qe1 Re8 13. e5 dxe5 14. Ne4 exf4 15.
Nd6 Rf8 16. Bxf4 Bxb2 17. Rd1 Bg7 18. Bg5 Nf6 19. Nxc8 Qxc8 20. d6 Nbd7 21. Nd2
h6 22. Bh4 c4 23. Bf3 Rb8 24. Ne4 Nxe4 25. Qxe4 Qc5+ 26. Bf2 Qa3 27. Qe7 Rbd8
28. Bd5 Bf6 29. Qe4 Be5 30. Qxg6+ Kh8 31. Qxh6+ Kg8 32. Qg6+ Kh8 33. Bh4 Rb8
34. Bxf7 Qe3+ 35. Kh1 Bf4 36. Rde1 Qd2 37. Be7 Rfc8 38. Be6 Rg8 39. Qh5+ Kg7
40. Bxd7 Rh8 41. Qg4+ Kh6 42. Re6+ 1-0

[Event "Golden Jubilee Club Championship"]
[Site "Box Hill"]
[Date "2002.05.10"]
[Round "5.18"]
[White "Chmiel, Rad"]
[Black "O'Connor, Phil"]
[Result "1/2-1/2"]
[WhiteElo "1682"]
[BlackElo "1521"]
[Annotator "jp"]
[PlyCount "108"]
[EventDate "2002.04.12"]

1. Nf3 Nf6 2. g3 b6 3. Bg2 Bb7 4. O-O g6 5. c4 c5 6. d4 cxd4 7. Qxd4 Bg7 8. Nc3
O-O 9. Qh4 d6 10. Nd5 Nbd7 11. Nd4 Rb8 12. Rd1 Re8 13. Bg5 e6 14. Nxf6+ Bxf6
15. Bxf6 Qxf6 16. Qxf6 Nxf6 17. Nb5 d5 18. Nxa7 dxc4 19. Rd4 Bxg2 20. Kxg2 b5
21. Nc6 Rbc8 22. Ne5 Rc5 23. f4 Nd5 24. Rc1 Rd8 25. Kf3 f6 26. Nxc4 Rdc8 27. e4
Nxf4 28. gxf4 Rxc4 29. Rcxc4 bxc4 30. Ke3 c3 31. bxc3 Rxc3+ 32. Rd3 Rc1 33. a4
Ra1 34. Rd8+ Kf7 35. Rd7+ Ke8 36. Ra7 h6 37. h4 e5 38. a5 Ra3+ 39. Kf2 exf4 40.
a6 g5 41. Ra8+ Kd7 42. a7 Kc7 43. Rg8 Rxa7 44. hxg5 hxg5 45. Rg6 Ra8 46. Rxf6
Rg8 47. e5 $11 Kd7 48. Kg2 Ke7 49. Kf2 Rg7 50. Kg2 Rf7 51. Rg6 Rf5 52. e6 Rf6
53. Rxg5 Kxe6 54. Kf3 Rf5 $11 1/2-1/2

[Event "Golden Jubilee Club Championship"]
[Site "Box Hill"]
[Date "2002.05.10"]
[Round "5.19"]
[White "Stojic, Svetozar"]
[Black "Miller, Anthony"]
[Result "1/2-1/2"]
[WhiteElo "1644"]
[BlackElo "1499"]
[Annotator "jd"]
[PlyCount "91"]
[EventDate "2002.04.12"]

1. e4 c5 2. Nf3 d6 3. d4 cxd4 4. Nxd4 e5 5. Nb5 a6 6. N5c3 Nf6 7. Bg5 Be7 8.
Bxf6 Bxf6 9. Nd5 Nd7 10. c4 Nc5 11. Nbc3 Be7 12. b4 Ne6 13. Bd3 Nd4 14. O-O O-O
15. Ne2 Bg4 16. f3 Nxe2+ 17. Bxe2 Be6 18. Kh1 Bg5 19. c5 dxc5 20. bxc5 Rc8 21.
Qb3 Rxc5 22. Qxb7 a5 23. Rfd1 Qc8 24. Ne7+ Bxe7 25. Qxe7 Rc2 26. Ba6 Qc7 27.
Qxc7 Rxc7 28. a4 Rc2 29. Rac1 Rxc1 30. Rxc1 Rd8 31. Kg1 Rd4 32. Bb5 f6 33. Rc5
Bb3 34. Bc6 Bxa4 35. Bd5+ Kf8 36. Rxa5 Be8 37. Ra8 Ke7 38. Ra7+ Kf8 39. Kf2 Ra4
40. Rc7 Ra3 41. Kg3 h6 42. Kg4 Ra6 43. h4 Rd6 44. h5 Rb6 45. Kh4 Rd6 46. Kg4
1/2-1/2

[Event "Golden Jubilee Club Championship"]
[Site "Box Hill"]
[Date "2002.05.10"]
[Round "5.20"]
[White "Nemeth, Laszlo"]
[Black "Lindberg, Douglas"]
[Result "1-0"]
[WhiteElo "1525"]
[BlackElo "1631"]
[Annotator "sf"]
[PlyCount "63"]
[EventDate "2002.04.12"]

1. d4 Nf6 2. Bg5 c5 3. Nf3 cxd4 4. Nxd4 Nc6 5. Nxc6 bxc6 6. Nd2 Qb6 7. Qc1 Ba6
8. c4 d5 9. b3 e5 10. a3 h6 11. Bxf6 gxf6 12. e3 f5 13. c5 Qb7 14. Bxa6 Qxa6
15. Nf3 f6 16. Qc2 e4 17. Nd4 Qc8 18. b4 Rb8 19. Qe2 h5 20. O-O f4 21. exf4 f5
22. Rfb1 Bg7 23. Qe3 Rg8 24. Rd1 Bxd4 25. Qxd4 Qe6 26. Rab1 Qg6 27. g3 h4 28.
Qe5+ Kd7 29. b5 Rbd8 30. bxc6+ Kxc6 31. Qb2 Kd7 32. Rxd5+ 1-0

[Event "Golden Jubilee Club Championship"]
[Site "Box Hill"]
[Date "2002.05.10"]
[Round "5.21"]
[White "Meydan, Arie"]
[Black "Lindberg, Eric"]
[Result "1-0"]
[WhiteElo "1773"]
[BlackElo "1487"]
[Annotator "sf"]
[PlyCount "51"]
[EventDate "2002.04.12"]

1. e4 d5 2. exd5 Nf6 3. d4 Nxd5 4. c4 Nf6 5. Nf3 Bg4 6. Be2 e6 7. O-O Be7 8. h3
Bh5 9. Be3 O-O 10. Nc3 c6 11. Ne5 Bxe2 12. Qxe2 Nbd7 13. Rad1 Qc7 14. Nxd7 Nxd7
15. Rfe1 Bf6 16. Ne4 Rad8 17. Nxf6+ Nxf6 18. Bg5 h6 19. Bxf6 gxf6 20. Qh5 Kh7
21. d5 Qf4 22. dxe6 fxe6 23. Rxd8 Rxd8 24. Qf7+ Kh8 25. Qxe6 Rd2 26. Qe8+ 1-0

[Event "Golden Jubilee Club Championship"]
[Site "Box Hill"]
[Date "2002.05.10"]
[Round "5.22"]
[White "Waller, A (Tony)"]
[Black "Suderson, Sunilson"]
[Result "1/2-1/2"]
[WhiteElo "1754"]
[BlackElo "1558"]
[Annotator "jd"]
[PlyCount "48"]
[EventDate "2002.04.12"]

1. g3 g6 2. Bg2 Bg7 3. Nf3 Nf6 4. O-O c5 5. c4 O-O 6. Nc3 Nc6 7. d3 d5 8. cxd5
Nxd5 9. Nxd5 Qxd5 10. Qc2 b6 11. Ng5 Qd7 12. Qa4 Bb7 13. Rb1 Rfd8 14. Qh4 h6
15. Nf3 g5 16. Qh5 Nd4 17. Nxd4 Bxg2 18. Kxg2 Qxd4 19. b3 e5 20. Be3 Qd5+ 21.
f3 f5 22. g4 f4 23. Bf2 a5 24. h4 Qf7 1/2-1/2

[Event "Golden Jubilee Club Championship"]
[Site "Box Hill"]
[Date "2002.05.10"]
[Round "5.23"]
[White "Zivanovic, Andjelija"]
[Black "Bourmistrov, Alex"]
[Result "1/2-1/2"]
[WhiteElo "1698"]
[BlackElo "1476"]
[Annotator "jd"]
[PlyCount "71"]
[EventDate "2002.04.12"]

1. d4 Nf6 2. Nf3 g6 3. c4 Bg7 4. Nc3 O-O 5. e4 d6 6. Be3 Nbd7 7. Nd2 c5 8. d5
Ne5 9. h3 Ne8 10. Be2 f5 11. f4 Nf7 12. O-O fxe4 13. Ndxe4 Nf6 14. Nxf6+ Bxf6
15. Qc2 Nh6 16. Ne4 Bg7 17. Ng3 Nf5 18. Nxf5 Bxf5 19. Bd3 Qc8 20. Bxf5 Qxf5 21.
Qxf5 Rxf5 22. Rae1 b6 23. Bc1 Re8 24. Re6 Bd4+ 25. Kh1 Rf7 26. g4 Rf6 27. b3
Kf8 28. f5 gxf5 29. gxf5 Rf7 30. Bh6+ Kg8 31. Bg5 Bf6 32. Bxf6 Rxf6 33. Kg2 Kg7
34. Kg3 Kf7 35. Kf4 Rg8 36. Rfe1 1/2-1/2

[Event "Golden Jubilee Club Championship"]
[Site "Box Hill"]
[Date "2002.05.10"]
[Round "5.24"]
[White "Carey, Peter"]
[Black "Wheelwright, Philip"]
[Result "1-0"]
[WhiteElo "1455"]
[BlackElo "1664"]
[Annotator "sf"]
[PlyCount "32"]
[EventDate "2002.04.12"]

1. e4 c5 2. Nf3 Nc6 3. d4 cxd4 4. Nxd4 d6 5. Nc3 Nf6 6. Be2 e6 7. Be3 Be7 8.
Qd2 a6 9. f4 Bd7 10. Bf3 Qc7 11. O-O Rd8 12. Qf2 Rc8 13. Rad1 b5 14. a3 Nd5 15.
Nxe6 Bxe6 16. Bb6 Qb8 1-0

[Event "Golden Jubilee Club Championship"]
[Site "Box Hill"]
[Date "2002.05.10"]
[Round "5.25"]
[White "Wilson, Norm"]
[Black "Alamanos, John"]
[Result "1-0"]
[WhiteElo "1654"]
[BlackElo "1336"]
[Annotator "sf"]
[PlyCount "69"]
[EventDate "2002.04.12"]

1. g4 d6 2. Bg2 Nc6 3. h3 h5 4. g5 g6 5. c4 Bg7 6. d3 e6 7. Nc3 Nge7 8. Nf3 Rb8
9. h4 Nf5 10. e3 a6 11. Qc2 Bd7 12. a3 b5 13. b4 O-O 14. Bb2 Kh7 15. Ne4 f6 16.
Bxf6 Bxf6 17. Nxf6+ Rxf6 18. gxf6 Qxf6 19. Ke2 a5 20. cxb5 Rxb5 21. Ng5+ Qxg5
22. hxg5 Nfd4+ 23. exd4 Nxd4+ 24. Kd2 Nxc2 25. Kxc2 Rxg5 26. Rhg1 Rf5 27. Raf1
axb4 28. axb4 Be8 29. Kd2 Kh6 30. f4 c5 31. Bh3 Rf6 32. bxc5 dxc5 33. Ke3 e5
34. fxe5 Rb6 35. Rf6 1-0

[Event "Golden Jubilee Club Championship"]
[Site "Box Hill"]
[Date "2002.05.10"]
[Round "5.26"]
[White "Faber, Karl-Heinz"]
[Black "Kloprogge, Ion"]
[Result "1-0"]
[WhiteElo "1783"]
[BlackElo "1410"]
[Annotator "jd"]
[PlyCount "72"]
[EventDate "2002.04.12"]

1. e4 c5 2. Nc3 Nc6 3. Bc4 e6 4. f4 a6 5. a4 d6 6. Nf3 Nf6 7. d3 h6 8. O-O Bd7
9. Ne2 Be7 10. Bd2 O-O 11. Qe1 d5 12. exd5 exd5 13. Ba2 Nb4 14. Bb1 Bf5 15. Ng3
Bd7 16. Ne5 Be8 17. Nf5 Nc6 18. Nxc6 bxc6 19. Nxe7+ Kh8 20. Nf5 Bd7 21. Ng3 Nh7
22. h3 Nf6 23. Qf2 Qb6 24. b4 d4 25. bxc5 Qxc5 26. Ne2 Qh5 27. Nxd4 Rfe8 28.
Ba2 c5 29. Nf3 Qg6 30. Ne5 Rxe5 31. fxe5 Rg8 32. exf6 Bxh3 33. fxg7+ Rxg7 34.
Bc3 Bg4 35. Bxg7+ Kxg7 36. Qxf7+ Qxf7 1-0

[Event "Golden Jubilee Club Championship"]
[Site "Box Hill"]
[Date "2002.05.10"]
[Round "5.27"]
[White "Fell, Rowan"]
[Black "Kable, John R"]
[Result "1-0"]
[WhiteElo "1402"]
[BlackElo "1523"]
[Annotator "sf"]
[PlyCount "81"]
[EventDate "2002.04.12"]

1. d4 Nf6 2. c4 g6 3. Nc3 d5 4. cxd5 Nxd5 5. e4 Nxc3 6. bxc3 Bg7 7. Be3 O-O 8.
Qd2 c5 9. Nf3 Nc6 10. Bh6 Qa5 11. Bxg7 Kxg7 12. d5 Nd8 13. Be2 b6 14. O-O Ba6
15. Bxa6 Qxa6 16. a4 Nb7 17. Qb2 Kg8 18. Ne5 Rad8 19. Qb5 Qxb5 20. axb5 Na5 21.
Nc6 Nxc6 22. bxc6 f5 23. f3 fxe4 24. fxe4 a5 25. g3 Rxf1+ 26. Rxf1 b5 27. e5
Rc8 28. Ra1 a4 29. c4 b4 30. Rxa4 Kf7 31. Ra7 Ke8 32. e6 Kd8 33. Rd7+ Ke8 34.
Kf2 b3 35. Rb7 Kd8 36. Rxb3 Kc7 37. Rb7+ Kd6 38. Ke3 Ke5 39. Rxe7 h5 40. Rb7 g5
41. Rf7 1-0